| 000 | 01085nam a22002537a 4500 | ||
|---|---|---|---|
| 999 |
_c65141 _d65141 |
||
| 005 | 20240530110809.0 | ||
| 008 | 190115s2009 ua a g 000 0 ara d | ||
| 017 |
_a2009/21195 _bمصر. دار الكتب |
||
| 020 | _a9789774796689 | ||
| 040 |
_aEG-CaGPL _cEG-CaGPL |
||
| 082 | 0 | 4 |
_221 _a792.0952 / _bج م |
| 100 | 1 | _aجورتنر ، ديفيد | |
| 245 | 1 | 2 |
_aالمسرح والاداء اليابانى الحديث / _cتأليف ديفيد جورتنر ، كايكو ماكدونالد ، كيفين ج ويتمور ؛ ترجمة محمود كامل ؛ مراجعة هانى مطاوع |
| 250 | _aط.1 | ||
| 260 |
_aالقاهرة : _bوزارة الثقافة : مهرجان القاهرة الدولى للمسرح التجريبى، _c2009. |
||
| 300 |
_a432 ص. : _bايض ؛ _c24 سم. |
||
| 650 | 0 | 7 |
_2qrmak _aالمسرح |
| 650 | 0 | 7 |
_aالمسرح اليابانى _2qrmak |
| 651 | _2qrmak | ||
| 700 | 0 |
_aمحمود كامل _eمترجم |
|
| 700 | 0 |
_aهانى مطاوع _eمراجع |
|
| 942 |
_2ddc _cBK |
||